Nombres de buts de Cristiano Ronaldo à chaque Euro - Statistiques

Statistiques générales
  • Ce quiz a été pris 229 fois
  • Le résultat moyen est 2 sur 5
Statistiques - réponses
Hint Réponse % Correct
Euro 2020 5
64%
Euro 2012 3
48%
Euro 2016 3
44%
Euro 2004 2
38%
Euro 2008 1
24%
Aucun quiz correspondant
Distribution des résultats
% des personnes avec chaque résultat
Percentile par nombre de réponses
Votre historique - résultats
Vous n’avez pas pris ce quiz